000 00754nam a22002057a 4500
999 _c20141
_d20141
003 AR-CdUCM
008 190328b ||||| |||| 00| 0 spa d
040 _aMUNICIPALIDAD PROVINCIAL DEL CUSCO
_cBIBLIOTECA MUNICIPAL DEL CUSCO
082 _a347 /
_bH94
100 _aHundskopf, Oswaldo
_942121
245 _aDerecho Comercial :
_bNuevas orientaciones y temas modernos /
260 _aLima :
_bUniversidad de Lima,
_c1989.
300 _a169 páginas ;
_c26 cm
505 _aContenido : Temas comerciales -- Titulos valores especiales -- Evolución de la legislación vigente sobre leasing...
650 _aDerecho comercial
_95195
650 _aContratos bancarios
_942122
650 _aLey de sociedades
_942123
942 _2ddc
_cLIBROS
945 _arcc